| 000 | 00846nam a22002057a 4500 | ||
|---|---|---|---|
| 999 |
_c61722 _d61722 |
||
| 005 | 20240422122557.0 | ||
| 008 | 240422s1985 enk||||| |||| 00| 0 eng d | ||
| 020 | _a9780397544981x | ||
| 041 | _aeng | ||
| 080 | _a61 D-68 | ||
| 100 |
_aDoak, Cecilia Conrath _921903 |
||
| 245 |
_aTeaching Patients With Low Literacy Skills / _cCecilia Conrath Doak, Leonard G. Doak, Jane H. Root. |
||
| 264 |
_aLondon : _bLippincott Company, _c1985. |
||
| 300 |
_a172 p.: _bill.; _c23 cm. |
||
| 653 | _aწერა-კითხვის სწავლება დაბალი უნარების მქონე პაციენტებისთვის | ||
| 653 | _aმედიცინა | ||
| 700 |
_aDoak Leonard G. _eავტორი _921904 |
||
| 700 |
_aRoot, Jane H. _eავტორი _921905 |
||
| 942 |
_2udc _cᲬᲘᲒᲜᲘ |
||